Daily Country Riddle #82 - Statistics

General Stats
  • This quiz has been taken 163 times
  • The average score is 8 of 9
Answer Stats
Type Answer % Correct
Found Letter A
98%
Correctly Placed Letter A
93%
Found Letter I
92%
Found Letter R
89%
Correctly Placed Letter I
85%
Mystery Country Iraq
85%
Correctly Placed Letter Q
85%
Found Letter Q
85%
Correctly Placed Letter R
85%
No matching quizzes found
Score Distribution
Percent of People with Each Score
Percentile by Number Answered
Your Score History
You have not taken this quiz